Frida Kahlo : (Registro nro. 27199)
[ vista simple ]
| 000 -LEADER | |
|---|---|
| fixed length control field | 01380cam a2200349 i 4500 |
| 001 - CONTROL NUMBER | |
| control field | 27199 |
| 003 - CONTROL NUMBER IDENTIFIER | |
| control field | Mx-PuUPA |
| 005 - DATE AND TIME OF LATEST TRANSACTION | |
| control field | 20240410103744.0 |
| 008 - FIXED-LENGTH DATA ELEMENTS--GENERAL INFORMATION | |
| fixed length control field | 140415s2015 mx a gr 000 0 spa d |
| 020 ## - INTERNATIONAL STANDARD BOOK NUMBER | |
| International Standard Book Number | 9786076183229 |
| 040 ## - CATALOGING SOURCE | |
| Transcribing agency | Mx-PuUPA |
| Original cataloging agency | Mx-PuUPA |
| Language of cataloging | spa |
| Modifying agency | Mx-PuUPA |
| Description conventions | rda |
| 041 1# - LANGUAGE CODE | |
| Language code of text/sound track or separate title | spa |
| Language code of original | eng |
| 100 1# - MAIN ENTRY--PERSONAL NAME | |
| Personal name | Souter, Gerry, |
| Dates associated with a name | 1940-2022 |
| Relator term | autor |
| 9 (RLIN) | 15031 |
| 240 10 - UNIFORM TITLE | |
| Uniform title | Frida Kahlo : Beneath the mirror. |
| Language of a work | Español |
| 245 10 - TITLE STATEMENT | |
| Title | Frida Kahlo : |
| Remainder of title | detrás del espejo / |
| Statement of responsibility, etc. | Gerry Souter ; traductores, Pedro Lama y Millán González |
| 264 #1 - PRODUCTION, PUBLICATION, DISTRIBUTION, MANUFACTURE, AND COPYRIGHT NOTICE | |
| Place of production, publication, distribution, manufacture | Naucalpan, Edo. de México : |
| Name of producer, publisher, distributor, manufacturer | Advanced Marketing, |
| Date of production, publication, distribution, manufacture, or copyright notice | ©2015 |
| 300 ## - PHYSICAL DESCRIPTION | |
| Extent | 255 páginas : |
| Other physical details | ilustraciones (a color) ; |
| Dimensions | 32 cm |
| 336 ## - CONTENT TYPE | |
| Fuente | rdacontent |
| Content type term | texto |
| Content type code | txt |
| 336 ## - CONTENT TYPE | |
| Fuente | rdacontent |
| Content type term | imagen fija |
| Content type code | sti |
| 337 ## - MEDIA TYPE | |
| Source | rdamedia |
| Media type term | sin medio |
| Media type code | n |
| 338 ## - CARRIER TYPE | |
| Source | rdacarrier |
| Carrier type term | volumen |
| Carrier type code | nc |
| 600 14 - SUBJECT ADDED ENTRY--PERSONAL NAME | |
| Personal name | Kahlo, Frida, |
| Dates associated with a name | 1907 - 1954 |
| 9 (RLIN) | 12184 |
| 600 14 - SUBJECT ADDED ENTRY--PERSONAL NAME | |
| Personal name | Kahlo, Frida, |
| Dates associated with a name | 1907 - 1954 |
| General subdivision | Correspondencia |
| 650 #7 - SUBJECT ADDED ENTRY--TOPICAL TERM | |
| Source of heading or term | armarc |
| Topical term or geographic name entry element | Pintura mexicana |
| Chronological subdivision | Siglo XX |
| 700 1# - ADDED ENTRY--PERSONAL NAME | |
| Personal name | Lama, Pedro, |
| Relator term | traductor |
| 700 1# - ADDED ENTRY--PERSONAL NAME | |
| Personal name | González, Millán, |
| Relator term | traductor |
| 765 08 - ORIGINAL LANGUAGE ENTRY | |
| Main entry heading | Souter, Gerry 1940-2022 |
| Place, publisher, and date of publication | U.S.A. : Confidential Concepts, Worldwide, ©2015 |
| Title | Frida Kahlo : Beneath the mirror. |
| 942 ## - ADDED ENTRY ELEMENTS (KOHA) | |
| Source of classification or shelving scheme | Dewey Decimal Classification |
| Koha item type | Libro |
| Classification part | 759.972 |
| Item part | K12 |
| Withdrawn status | Lost status | Source of classification or shelving scheme | Damaged status | Not for loan | Collection code | Home library | Current library | Shelving location | Date acquired | Source of acquisition | Total Checkouts | Full call number | Barcode | Date last seen | Price effective from | Koha item type |
|---|---|---|---|---|---|---|---|---|---|---|---|---|---|---|---|---|
| Dewey Decimal Classification | Referencia | Biblioteca Karol Wojtyla | Biblioteca Karol Wojtyla | Área de silencio | 03/12/2013 | Donación | 759.972 K12 2015 | 48580 | 05/01/2026 | 03/12/2013 | Folio |